Statistiques concernant Les lits cultes du cinéma

Cliquez ici pour prendre le quiz!

Statistiques générales

  • Ce quiz a été pris 234 fois
  • Le résultat moyen est 6 sur 16

Statistiques - réponses

Réponse% Correct
Pulp Fiction
94%
Le Fabuleux Destin d'Amélie Poulain
87%
LOL (Laughing Out Loud)
70%
La Folie des Grandeurs
55%
Full Metal Jacket
48%
Joker
48%
Her
40%
Les Petits Mouchoirs
39%
Autant en emporte le vent
29%
Un Jour sans fin
28%
Le Mépris
27%
Sex Friends
25%
Le Parrain
24%
Gainsbourg (Vie héroïque)
10%
Breakfast at Tiffany's
9%
Tanguy
7%

Distribution des résultats

Percentile par nombre de réponses

% des personnes avec chaque résultat

Votre développement - résultats

Vous n’avez pas pris ce quiz